Frank Rijkaard's FC Barcelona - Statistics

General Stats
  • This quiz has been taken 30 times
  • The average score is 37 of 75
Answer Stats
Rank Player Position Nationality Matches Goals Assists % Correct
6 Andrés Iniesta Central Midfield 216 17 27
100%
12 Lionel Messi Right Winger 110 42 26
100%
3 Xavi Central Midfield 224 23 46
100%
2 Carles Puyol Centre-Back 236 5 3
95%
4 Ronaldinho Left Winger 207 94 77
95%
1 Víctor Valdés Goalkeeper 238 0 1
95%
15 Gianluca Zambrotta Right-Back 85 3 5
89%
9 Giovanni van Bronckhorst Left-Back 153 7 18
89%
27 Henrik Larsson Centre-Forward 58 19 6
89%
5 Rafa Márquez Centre-Back 182 9 8
89%
10 Samuel Eto'o Centre-Forward 147 94 31
89%
24 Thierry Henry Centre-Forward 47 19 12
89%
26 Yaya Touré Central Midfield 38 2 0
89%
7 Deco Attacking Midfield 160 20 45
84%
22 Eidur Gudjohnsen Centre-Forward 80 15 6
84%
21 Éric Abidal Left-Back 46 0 0
84%
11 Ludovic Giuly Right Winger 124 26 16
84%
19 Javier Saviola Second Striker 72 31 10
79%
13 Juliano Belletti Right-Back 102 1 12
79%
18 Lilian Thuram Centre-Back 58 0 1
74%
31 Mark van Bommel Central Midfield 38 4 9
74%
8 Oleguer Centre-Back 169 1 2
74%
14 Sylvinho Left-Back 98 2 12
74%
16 Edmílson Defensive Midfield 95 0 2
68%
20 Phillip Cocu Defensive Midfield 48 6 1
68%
17 Thiago Motta Defensive Midfield 86 4 4
68%
23 Gabriel Milito Centre-Back 42 1 0
63%
34 Giovani dos Santos Second Striker 38 4 8
63%
36 Patrick Kluivert Centre-Forward 26 10 1
63%
30 Gerard López Central Midfield 44 3 1
58%
40 Marc Overmars Left Winger 31 3 1
58%
41 Maxi López Centre-Forward 19 2 4
58%
43 Óscar López Right-Back 11 0 0
58%
39 Ricardo Quaresma Right Winger 28 1 2
58%
42 Rüştü Reçber Goalkeeper 7 0 0
58%
25 Michael Reiziger Right-Back 40 0 3
53%
74 Pedro Right Winger 2 0 0
53%
32 Bojan Krkic Second Striker 48 12 6
47%
28 Luis García Right Winger 37 7 9
47%
49 Patrik Andersson Centre-Back 5 0 0
47%
46 Sergio García Centre-Forward 8 1 1
42%
61 Víctor Sánchez Central Midfield 2 0 0
42%
35 Edgar Davids Central Midfield 20 1 1
37%
50 José Manuel Pinto Goalkeeper 3 0 0
37%
38 Luis Enrique Right Midfield 30 5 1
37%
47 Rodri Centre-Back 8 0 0
37%
51 Rubén Martínez Goalkeeper 3 0 0
37%
48 Demetrio Albertini Defensive Midfield 6 0 0
32%
29 Gabri Defensive Midfield 45 2 2
32%
33 Albert Jorquera Goalkeeper 22 0 0
26%
75 Jeffrén Right Winger 1 0 0
26%
65 Jordi Gómez Central Midfield 1 0 0
26%
44 Damià Abella Right-Back 10 0 1
21%
55 Marc Crosas Defensive Midfield 4 0 0
21%
37 Santiago Ezquerro Centre-Forward 40 7 2
21%
54 Joan Verdú Attacking Midfield 2 0 0
16%
59 Ludovic Sylvestre Central Midfield 1 0 1
16%
66 Paco Montañés Left Winger 1 0 0
16%
53 Sergio Santamaría Right Winger 4 0 0
16%
60 Andrea Orlandi Central Midfield 1 0 0
11%
63 Cristian Hidalgo Left Winger 1 0 0
11%
68 Fali Right-Back 1 0 0
11%
45 Fernando Navarro Left-Back 8 0 0
11%
69 Javi Martos Centre-Back 1 0 0
11%
62 Javito Right Winger 1 0 0
11%
56 Jesús Olmo Centre-Back 2 0 0
11%
70 José Manuel Rueda Central Midfield 1 0 0
11%
57 Marc Valiente Centre-Back 2 0 0
11%
58 Oier Olazábal Goalkeeper 1 0 0
11%
64 Pitu Central Midfield 1 0 0
11%
73 Ramón Masó Centre-Back 1 0 0
11%
67 Ramón Ros Defensive Midfield 2 0 0
11%
52 Mario Abrante Centre-Back 2 0 0
5%
71 Oriol Riera Centre-Forward 1 0 0
5%
72 Víctor Vázquez Attacking Midfield 1 0 0
5%
No matching quizzes found
Score Distribution
Percent of People with Each Score
Percentile by Number Answered
Your Score History
You have not taken this quiz